Biology and culture of penaeus monodon
সংরক্ষণ করুন:
| বিন্যাস: | গ্রন্থ |
|---|---|
| ভাষা: | Undetermined |
| প্রকাশিত: |
Philippines
Aquaculture Department Southeast Asian Fisheries Development Center
1988
|
| বিষয়গুলি: | |
| ট্যাগগুলো: |
ট্যাগ যুক্ত করুন
কোনো ট্যাগ নেই, প্রথমজন হিসাবে ট্যাগ করুন!
|
| Thư viện lưu trữ: | Trung tâm Học liệu Trường Đại học Cần Thơ |
|---|
| LEADER | 00517nam a2200157Ia 4500 | ||
|---|---|---|---|
| 001 | CTU_160156 | ||
| 008 | 210402s9999 xx 000 0 und d | ||
| 082 | |a 639.68 | ||
| 082 | |b B615/1988 | ||
| 245 | 0 | |a Biology and culture of penaeus monodon | |
| 260 | |a Philippines | ||
| 260 | |b Aquaculture Department Southeast Asian Fisheries Development Center | ||
| 260 | |c 1988 | ||
| 650 | |a Nuôi trồng thủy sản,Aquaculture,Shrimp culture | ||
| 904 | |i Năm | ||
| 980 | |a Trung tâm Học liệu Trường Đại học Cần Thơ | ||